1138 1523 1750 1210 1431 1778 1087 1729 1815 1177 1184 1484 1934 1089 1474 1060 1439 1373 1609 1463 1232 1973 1310 1834 1987 1222 1312 1005 1294 1332 1254 1381 1977 1882 1337 1624 1586 1890 1297 1021 1735 1456 1952 1293 1556 1013 1018 1504 1149 1579 1731 1056 1800 1214 1671 1382 1480 1452 1299 1676 1371 1665 1084 1383 1554 1720 1166 1602 1724 1063 1051 1800 1283 1962 1998 1437 1327 1757 1270 1646 1103 1109 1142 1236 1528 1260 1746 1110 1311 1611 1710 1677 1150 1449 1574 1245 1461 1948 1067 BCNSPRNW ULIB Ver.6.0+V

เปลี่ยนเป็นภาษาไทย

Change to English
 แสดงรายละเอียดบรรณานุกรม
  กลับหน้าหลัก

Brief Record : Get Marc (ISO 2709) : E-mail record : QR code < ปิดหน้าต่าง
LEADER : 00000nam 2200000uu 4500
001    13399126871
003     ULIB
008    190821s2561||||th 000 0 tha d
020    ^a9786164748668
060    ^aWM270^bร387ก
100    ^aรัศมน กัลยาศิริ
245    ^aการเสพติดและผลแทรกซ้อนทางจิตเวช (Addiction & Psychiatric Complications)
250    ^aพิมพ์ครั้งที่ 1
260    ^aกรุงเทพฯ :^bภาควิชาจิตเวชศาสตร์ คณะแพทยศาสตร์ จุฬาลงกรณ์มหาวิทยาลัย,^c2561
300    ^a190 หน้า^bภาพประกอบ, ตาราง, ภาคผนวก
650    ^aจิตเวชศาสตร์
650    ^aสารเสพติด
945    ^p200^l0^i005562
945    ^p200^l0^i005563
945    ^p200^l0^i005564
945    ^p200^l0^i005565
945    ^p200^l0^i005566
945    ^p200^l0^i005567
945    ^p200^l0^i005568
945    ^p200^l0^i005569
945    ^p200^l0^i005570
945    ^p200^l0^i005571
999    ^aประนอม เกษจรัล
รายการนี้ยังไม่มีแท็ก
คุณยังไม่ได้ล็อกอิน คุณสามารถมีกิจกรรมร่วมกับเว็บไซต์ได้ แต่ต้องล็อกอินก่อน ::
  ล็อกอิน

รายการสื่อสารสนเทศ

ลำดับที่ ประเภท เลขเรียก/บาร์โค้ด สถานที่ สถานะ
1. วิทยาศาสตร์การแพทย์ และสุขภาพ
หนังสือสำรอง
สถานะ=หนังสือสำรอง
WM270 ร387ก ฉ.1 
  Barcode: 005562
ห้องสมุดวิทยาเขตสวรรค์ประชารักษ์
►หนังสือทั่วไป
บนชั้น
2. วิทยาศาสตร์การแพทย์ และสุขภาพ
วิทยาศาสตร์การแพทย์ และสุขภาพ
WM270 ร387ก ฉ.10 
  Barcode: 005571
ห้องสมุดวิทยาเขตสวรรค์ประชารักษ์
►หนังสือทั่วไป
บนชั้น
3. วิทยาศาสตร์การแพทย์ และสุขภาพ
วิทยาศาสตร์การแพทย์ และสุขภาพ
WM270 ร387ก ฉ.2 
  Barcode: 005563
ห้องสมุดวิทยาเขตสวรรค์ประชารักษ์
►หนังสือทั่วไป
บนชั้น
4. วิทยาศาสตร์การแพทย์ และสุขภาพ
วิทยาศาสตร์การแพทย์ และสุขภาพ
WM270 ร387ก ฉ.3 
  Barcode: 005564
ห้องสมุดวิทยาเขตสวรรค์ประชารักษ์
►หนังสือทั่วไป
บนชั้น
5. วิทยาศาสตร์การแพทย์ และสุขภาพ
วิทยาศาสตร์การแพทย์ และสุขภาพ
WM270 ร387ก ฉ.4 
  Barcode: 005565
ห้องสมุดวิทยาเขตสวรรค์ประชารักษ์
►หนังสือทั่วไป
บนชั้น
6. วิทยาศาสตร์การแพทย์ และสุขภาพ
วิทยาศาสตร์การแพทย์ และสุขภาพ
WM270 ร387ก ฉ.5 
  Barcode: 005566
ห้องสมุดวิทยาเขตสวรรค์ประชารักษ์
►หนังสือทั่วไป
บนชั้น
7. วิทยาศาสตร์การแพทย์ และสุขภาพ
วิทยาศาสตร์การแพทย์ และสุขภาพ
WM270 ร387ก ฉ.6 
  Barcode: 005567
ห้องสมุดวิทยาเขตสวรรค์ประชารักษ์
►หนังสือทั่วไป
บนชั้น
8. วิทยาศาสตร์การแพทย์ และสุขภาพ
วิทยาศาสตร์การแพทย์ และสุขภาพ
WM270 ร387ก ฉ.7 
  Barcode: 005568
ห้องสมุดวิทยาเขตสวรรค์ประชารักษ์
►หนังสือทั่วไป
ถูกยืม กำหนดส่งวันที่ 31 พฤษภาคม 2569
  จอง
9. วิทยาศาสตร์การแพทย์ และสุขภาพ
วิทยาศาสตร์การแพทย์ และสุขภาพ
WM270 ร387ก ฉ.8 
  Barcode: 005569
ห้องสมุดวิทยาเขตสวรรค์ประชารักษ์
►หนังสือทั่วไป
บนชั้น
10. วิทยาศาสตร์การแพทย์ และสุขภาพ
วิทยาศาสตร์การแพทย์ และสุขภาพ
WM270 ร387ก ฉ.9 
  Barcode: 005570
ห้องสมุดวิทยาเขตสวรรค์ประชารักษ์
►หนังสือทั่วไป
บนชั้น

รายการใกล้เคียง
    ชื่อเรื่อง [การเสพติดและผลแทรกซ้อนทางจิตเวช (Addiction & Psychiatric Complications)]

    ผู้แต่ง [รัศมน กัลยาศิริ]

    หัวเรื่อง [จิตเวชศาสตร์]
    หัวเรื่อง [สารเสพติด]

BibComment


ยังไม่เคยถูกคอมเมนท์

คอมเมนท์ทรัพยากรรายการนี้
  คอมเมนท์: การเสพติดและผลแท..


 Copyright 2026. Bcnsprnw @Library